000 00669nam a2200157Ia 4500
008 100122s9999 xx 000 0 und d
082 _b62083
_a627
100 _aगौतम एस जी
245 _aप्रश्न पाण्याचा आपल्या सर्वांचा
260 _bसाहित्य प्रसार केंद्र
_c2002
300 _a207
630 _aप्रश्न पाण्याचा आपल्या सर्वांचा
700 _aवडनेरकर प्रणव
730 _aप्रश्न पाण्याचा आपल्या सर्वांचा
942 _cBOOK
999 _c436529
_d436526